00506nam a2200145Ia 4500008004100000082001400041100003600055245015700091260003700248300001400285520001100299650001400310650001900324700001700343230925s9999||||xx |||||||||||||| ||und|| a696.6 IQB aIqbal, Muhammad Haroon (330579) 0aNumerical Analysis of a Solar Air Heater having Rectangular Sectioned V-Ribs as Artificial Roughness Integrated with Impingement Cooling Configuration / bUSPCAS-E, NUST,Islamabad :c2023 axi, 52 p. aTH-463 vMS Thesis vMS TEE Thesis  aDr Majid Ali